000 00437nam a2200169 a 4500
001 28451
005 20180713231333.0
008 140415s1995 mx 000 0 spa d
020 _a6789012345
041 _aspa
082 _a657
_bROM
100 1 _aRomero López, Álvaro Javier,.
245 1 0 _aPRINCIPIOS DE CONTABILIDAD
250 _a1a ed.
260 _aMEXICO :
_bMC GRAW HILL,
_c1995
650 1 4 _aCONTABILIDAD
999 _c28451
_d28451